Louis Tomlinson Always You Full Lyrics - Statistics

General Stats
  • This quiz has been taken 123 times
  • The average score is 265 of 296
Answer Stats
Answer % Correct
I
100%
always
99%
it
99%
to
99%
when
99%
you
99%
know
97%
was
97%
the
96%
go
95%
my
95%
and
93%
could
93%
oh
93%
time
93%
went
93%
without
93%
all
92%
do
92%
let
92%
about
90%
Amsterdam
90%
but
90%
never
90%
think
90%
i'm
89%
baby
86%
should've
86%
so
85%
for
84%
can
82%
known
82%
wastin
81%
after
79%
chasin
79%
drink
79%
faces
79%
feel
79%
in
79%
many
79%
Tokyo
79%
looking
78%
places
78%
your
74%
alone
73%
felt
73%
still
73%
me
71%
you're
71%
high
70%
not
70%
home
66%
like
64%
cause
62%
nothing
62%
now
60%
hate
59%
smoke
59%
lax
58%
from
51%
door
48%
heathrow
45%
through
45%
around
44%
legs
42%
waiting
42%
wrap
41%
walked
38%
No matching quizzes found
Score Distribution
Percent of People with Each Score
Percentile by Number Answered
Your Score History
You have not taken this quiz